Talking medicine : Czech for medical students /

Hlavní autor: Čermáková, Iveta, 1969-
Jazyk: Angličtina
Čeština
Vydáno: Prague : Charles University, Karolinum Press, 2018
Vydání: [Fourth revised English edition, (third at Karolinum press)]
Témata:
Fyzický popis: 311 stran : ilustrace ; 24 cm
Knihy
Uloženo v:
LEADER 02367nam a2200613 i 4500
001 nkc20182991438
003 CZ PrNK
005 20220316145241.0
007 ta
008 180410s2018 xr a e p 000 0 eng
015 |a cnb002991438 
020 |a 978-80-246-3954-3  |q (brožováno) 
035 |a (OCoLC)1056248745 
040 |a ABA001  |b cze  |e rda 
041 0 |a eng  |a cze 
072 7 |a 811.162.3  |x Čeština  |2 Konspekt  |9 11 
072 7 |a 37.016  |x Učební osnovy. Vyučovací předměty. Učebnice  |2 Konspekt  |9 22 
080 |a 61  |2 MRF 
080 |a 811.162.3'243  |2 MRF 
080 |a 811.111  |2 MRF 
080 |a 81'373.46  |2 MRF 
080 |a 81'24'373.46  |2 MRF 
080 |a (075.8)  |2 MRF 
100 1 |a Čermáková, Iveta,  |d 1969-  |7 mzk2007382068  |4 aut 
245 1 0 |a Talking medicine :  |b Czech for medical students /  |c Iveta Čermáková 
246 3 0 |a Czech for medical students 
250 |a [Fourth revised English edition, (third at Karolinum press)] 
264 1 |a Prague :  |b Charles University, Karolinum Press,  |c 2018 
300 |a 311 stran :  |b ilustrace ;  |c 24 cm 
336 |a text  |b txt  |2 rdacontent 
337 |a bez média  |b n  |2 rdamedia 
338 |a svazek  |b nc  |2 rdacarrier 
500 |a 1. dotisk 2020, 2. dotisk 2021; v dotiscích již uveden údaj o vydání 
500 |a Česko-anglický slovník 
521 8 |a Učební text pro studenty 3. lékařské fakulty Univerzity Karlovy 
650 0 7 |a lékařství  |7 ph115195  |2 czenas 
650 0 7 |a čeština jako cizí jazyk  |7 ph940782  |2 czenas 
650 0 7 |a angličtina  |7 ph114056  |2 czenas 
650 0 7 |a oborová terminologie  |7 ph138998  |2 czenas 
650 0 7 |a oborová konverzace  |7 ph166080  |2 czenas 
650 0 9 |a medicine  |2 eczenas 
650 0 9 |a Czech as a foreign language  |2 eczenas 
650 0 9 |a English language  |2 eczenas 
650 0 9 |a terminology (professional)  |2 eczenas 
650 0 9 |a conversation, terms and phrases (professional)  |2 eczenas 
655 7 |a učebnice vysokých škol  |7 fd133772  |2 czenas 
655 9 |a textbooks (higher)  |2 eczenas 
910 2 |a BOA001  |b 2-1414.206 
928 9 |a Karolinum 
990 |a BK 
995 |a 01 
991 |b 201809  |c NOV 
996 6 |b 2610754733  |c 2-1414.206  |l MZK  |r Sklad / do 1 hodiny  |n 1  |p p.v.  |w 001686471  |u 000010  |a 1  |e BOA001  |j MZK50  |s P 
996 7 |b 2610756321  |c 2-1414.206  |l Vol.výběr  |r VV 1p  |n 6  |p kup  |h 811.162.3 ČER  |w 001686471  |u 000020  |a 0  |e BOA001  |j MZK50  |s A